|
|
|
|
| LEADER |
00857cam a2200277 7i4500 |
| 001 |
0000010059 |
| 005 |
20200402090000.0 |
| 008 |
200402s1995 nyu# ### #00001eng## |
| 020 |
# |
# |
|a 0412641305
|
| 020 |
# |
# |
|a 0412229609
|
| 040 |
# |
# |
|a UMT
|
| 090 |
0 |
# |
|a QK 604.2 .E26
|b D5 1995
|
| 100 |
1 |
# |
|a Dix, Neville J.
|e author
|
| 245 |
1 |
0 |
|a Fungal ecology
|c Neville J.Dix and John Webster.
|
| 264 |
# |
1 |
|a London:
|b Chapman & Hall,
|c 1995.
|
| 300 |
# |
# |
|a viii, 549 p.:
|b ill.;
|c 24 cm..
|
| 336 |
# |
# |
|a text
|2 rdacontent
|
| 337 |
# |
# |
|a unmediated
|2 rdamedia
|
| 338 |
# |
# |
|a volume
|2 rdacarrier
|
| 590 |
# |
# |
|a Perpustakaan Sultanah Nur Zahirah
|
| 650 |
0 |
0 |
|a Fungi --
|x Ecology
|
| 650 |
0 |
0 |
|a Fungal communities
|
| 650 |
0 |
0 |
|a Fungi
|
| 700 |
1 |
# |
|a Webster, John
|
| 999 |
|
|
|a 1000387194
|b Book
|c Open Shelf
|e KOLEKSI TERBUKA
|
| 999 |
|
|
|a 1000387193
|b Book
|c Open Shelf
|e KOLEKSI TERBUKA
|